00762nam a2200169 i 450000100060000000300090000600500170001500700030003200800410003510000400007624502210011626000580033730000220039585200320041799900170044995201260046629823ES-MaACL20230906154108.0t|030123s1960 sp ||||1| spa d1 aBasanta Santa-Cruz, Antonio.92624810aHaciendas locales b: cuentas municipales : (conforme a la cirucular del Servicio Nacional de Inspección y Asesoramiento de las Corporaciones Locales de 1º de diciembre de 1958) / cpor Antonio Basanta Santa-Cruz. a[S.l. : bs.n., c1960] (eCuenca : fImp. Conquense) a145 p. ; c29 cm. aES-MaACLjC-19423 bR.46462 c29823d29823 00104070aATENEOMbATENEOMcGaleríad2008-01-17eSCl0oC-19423p1030791r2023-02-23 00:00:00w2023-02-23yMONOGRAFIA